00875cam a22002413a 45000010005000000030006000050050017000110080041000280400015000690420007000840500007000911000048000982450072001462600029002185050187002475060030004345160020004646530027004846530026005116530027005378300028005648560041005928486PGUSA20140828083157.0050701s2005||||xxu|||||s|||||000 | eng d aPGUSAbeng adc 4aPR1 aJames, M. R.q(Montague Rhodes),d1862-193610aGhost Stories of an Antiquaryh[electronic resource] /cM. R. James bProject Gutenberg,c20050 aCanon Alberic's scrap-book -- Lost hearts -- The mezzotint -- The ash-tree -- Number 13 -- Count Magnus -- 'Oh whistle, and I'll come to you, my lad' -- The treasure of Abbot Thomas. aPublic domain in the USA. aElectronic text aShort stories, English aHorror tales, English aGhost stories, English 0aProject Gutenbergv848640uhttp://www.gutenberg.org/ebooks/8486